000 00219nam a2200097Ia 4500
008 191206s9999 xx 000 0 und d
090 _aHB172.5A76
245 0 _aMacroeconomics
260 _b5 steps to a 5
260 _cc20uu
999 _c16375
_d16375